01478nam a22002177a 450000500170000000800410001702000180005804000070007604100080008308200140009110000160010524500460012125000060016726000560017330000260022936500940025544000270034952008500037665000120122670000220123820260416090918.0260415b |||||||| |||| 00| 0 eng d a9789389538557 cAL aeng a510bAYRS aFrank Ayres aSchaums outlines college mathematics Ed 4 a4 aNew YorkbMcGraw Hill Education India Pvt Ltdc2020 avii,464pbPBc28x21cm 2Infornation Science and EngineeringaVBI-2645b₹543.75c₹d₹725.00e25%f20-02-2026 aSchaums Outline Series aFortunately for you, there's Schaum's Outlines. More than 40 million students have trusted Schaum's to help them succeed in the classroom and on exams. Schaum's is the key to faster learning and higher grades in every subject. Each Outline presents all the essential course information in an easy-to-follow, topic-by-topic format. You also get hundreds of examples, solved problems, and practice exercises to test your skills. This Schaum's Outline gives you Practice problems with full explanations that reinforce knowledge Coverage of the most up-to-date developments in your course field In-depth review of practices and applications Fully compatible with your classroom text, Schaum's highlights all the important facts you need to know. Use Schaum's to shorten your study time-and get your best test scores! Schaum's Outlines-Problem Solved aAlgebra aSchmidt, Philip A